LEADER 01729nam a2200337 4500 001 000000359443 003 CaOOAMICUS 005 20240822105630.0 008 240822s1638 it 000 u ita r 040 $aSeMil$bita 100 11$aBorromeo, Federico,$c.$0(OLS)http://semarc/name/3156 245 10$aFedericus ... Mediolanem Archiepiscopus. & in hac parte delegatus, & executior apostolicus ad infrascripta ... prout in litteris Sanctissimi D. N. Papae Clemetis Octaui nobis in forma Breuis ... 264 1$a(Varalli :$bApud Marcum Rauellum,$c1638) 300 $a[12] c. ;$c4° 500 $aColophon in fine 500 $aIniz. xilogr. 500 $aSegn. A-C? 500 $aTitolo della titolazione a carta C1r 500 $aMutilo dei fascicoli A-B4 500 $aInserito all'interno del vol. collocato in 3Z VI 10/10 FA poichè riguardante l'argomento Sacro Monte di Varallo 650 4$aVarallo - Sacro Monte.$0(OLS)http://semarc/subject/18066 700 1 $aRevelli, Marco,$c.$0(OLS)http://semarc/name/120255 700 0 $aClemens VIII,$c.$0(OLS)http://semarc/name/3051 850 $aSeMil 852 $aSeMil$W1$xVenegono$y1$m3Z VI 10/12 FA$j250403$B250531$CSeMilBibl$Z2$F250531 $8I 900 0 $aClemente VIII$c. 941 1 $a10 996 $6245$aFedericus ... Mediolanem Archiepiscopus. & in hac parte delegatus, & executior apostolicus ad infrascripta ... prout in litteris Sanctissimi D. N. Papae Clemetis Octaui nobis in forma Breuis ...$9(OLS)http://semarc/title/449891 996 $6264$a(Varalli :$bApud Marcum Rauellum$9(OLS)http://semarc/publisher/61911 LEADER 01222nam a2200289 4500 001 000000360736 003 CaOOAMICUS 005 20241120112408.0 008 241115s1985 it a 000 u ita r 020 $a88-15-00826-8 040 $aSeMil$bita 100 1 $aSternberger, Dolf,$d<1907-1989>.$0(OLS)http://semarc/name/120930 240 10$aPanorama oder Ansichter vom 19. Jahrhundert.$0(OLS)http://semarc/title/451278 245 10$aPanorama del 19. secolo /$cDolf Sternberger. 264 1$aBologna :$bIl Mulino,$c1985. 300 $a266 p., [16] c. di tav. :$bill. ;$c22 cm 490 1 $aIntersezioni ;$v19 650 4$aStoria - Sec. 19.$0(OLS)http://semarc/subject/4257 650 4$aCultura - Sec. 19.$0(OLS)http://semarc/subject/10664 830 0$aIntersezioni ;$v19.$0(OLS)http://semarc/title/6889 850 $aSeMil 852 $aSeMil$W1$xVenegono$y1$m3U III 69$j252448$B251746$CSeMilBibl$Z2$F251746 $81 961 $aBuzzi mons. Franco - Omaggio 996 $6020$a88-15-00826-8$9(OLS)http://semarc/number/301800 996 $6245$aPanorama del 19. secolo$9(OLS)http://semarc/title/451279 996 $6264$aBologna :$bIl Mulino$9(OLS)http://semarc/publisher/29842